Spoločenská zodpovednosť v marketingových aktivitách podnikov

Pojem a história vzniku spoločensky zodpovedného podnikania. Spoločensky zodpovedný marketing ako neoddeliteľná súčasť tzv. holistickej marketingovej koncepcie. Dobročinný marketing. Prieskum spotrebiteľského vnímania spolupráce ziskových a neziskových subjektov pri aktivitách dobročinného marketi...

Celý popis

Uložené v:
Podrobná bibliografia
Hlavný autor: Musová, Zdenka
Médium: Kapitola
Jazyk:Slovak
Predmet:
Tagy: Pridať tag
Žiadne tagy, Buďte prvý, kto otaguje tento záznam!

MARC

LEADER 00000naa a2200000 4500
001 0223654
005 20220317124620.3
041 0 |a slo 
044 |a SK 
245 1 0 |a Spoločenská zodpovednosť v marketingových aktivitách podnikov  |c Zdenka Musová 
520 |a Pojem a história vzniku spoločensky zodpovedného podnikania. Spoločensky zodpovedný marketing ako neoddeliteľná súčasť tzv. holistickej marketingovej koncepcie. Dobročinný marketing. Prieskum spotrebiteľského vnímania spolupráce ziskových a neziskových subjektov pri aktivitách dobročinného marketingu. 
610 2 0 |a zodpovednosť spoločenská 
610 2 0 |a stratégia marketingová 
610 2 0 |a organizácie neziskové 
610 2 0 |a podnik 
610 2 0 |a marketing environmentálny 
610 2 0 |a marketing spoločenský 
610 2 0 |a marketing sociálny 
100 1 |a Musová, Zdenka